How the bond market works : (Record no. 66428)

MARC details
000 -LEADER
fixed length control field 00537nam a22001457a 4500
005 - DATE AND TIME OF LATEST TRANSACTION
control field 20120510134739.0
020 ## - INTERNATIONAL STANDARD BOOK NUMBER
International Standard Book Number 8120312236
Terms of availability 150.00
035 ## - SYSTEM CONTROL NUMBER
System control number A-933642
037 ## - SOURCE OF ACQUISITION
Stock number DPL
Source of stock number/acquisition ENG
245 ## - TITLE STATEMENT
Title How the bond market works :
Remainder of title Staff of New York institute of finance /
260 ## - PUBLICATION, DISTRIBUTION, ETC. (IMPRINT)
Place of publication, distribution, etc New Delhi
Name of publisher, distributor, etc Prentice-Hall of India
Date of publication, distribution, etc 1997
300 ## - PHYSICAL DESCRIPTION
Extent x, 278p.
Dimensions 18 cms.
942 ## - ADDED ENTRY ELEMENTS (KOHA)
Source of classification or shelving scheme Dewey Decimal Classification
Item type English Books
Classification part 332.6323
Call number suffix HOW
Holdings
Withdrawn status Lost status Not for loan Collection code Home library Current library Date acquired Cost, normal purchase price Full call number Barcode Cost, replacement price Koha item type Source of acquisition
      Non-fiction Sarojini Nagar Sarojini Nagar 10/05/2012 150.00 332.6323 HOW A-933642 150.00 English Books  
      Non-fiction Yojana Vihar Yojana Vihar 17/10/2019 150.00 332.6323 HOW A-933644 150.00 English Books BPPD/PUB

© Delhi Public Library
Hit Counter
free hit counter